Entre dos oscuridades, un relámpago (Record no. 184267)

MARC details
000 -LEADER
campo de control de longitud fija 01055nam a2200277 i 4500
001 - NÚMERO DE CONTROL
campo de control 184267
003 - IDENTIFICADOR DE NÚMERO DE CONTROL
campo de control ES-MaACL
005 - FECHA Y HORA DE LA ÚLTIMA TRANSACCIÓN
campo de control 20231213210245.0
008 - DATOS DE LONGITUD FIJA--INFORMACIÓN GENERAL
campo de control de longitud fija 150603s2014 sp aco |||| |dspa d
020 ## - NÚMERO INTERNACIONAL ESTÁNDAR DEL LIBRO
Número Internacional Estándar del Libro 978-84-86701-76-5
080 ## - NÚMERO DE LA CLASIFICACIÓN DECIMAL UNIVERSAL
Número de la Clasificación Decimal Universal 821.134.2 Aleixandre, Vicente 1.07(082.2)
080 ## - NÚMERO DE LA CLASIFICACIÓN DECIMAL UNIVERSAL
Número de la Clasificación Decimal Universal 929 Aleixandre, Vicente
245 00 - MENCIÓN DEL TÍTULO
Título Entre dos oscuridades, un relámpago
Resto del título : en recuerdo de Vicente Aleixandre /
Mención de responsabilidad, etc. edición de Alejandro Sanz.
260 ## - PUBLICACIÓN, DISTRIBUCIÓN, ETC.
Lugar de publicación, distribución, etc. [Madrid] :
Nombre del editor, distribuidor, etc. Ediciones de La Revista Áurea :
-- Polibea,
Fecha de publicación, distribución, etc. [2014]
300 ## - DESCRIPCIÓN FÍSICA
Extensión 200 p. :
Otras características físicas il. col. y n., fot. ;
Dimensiones 21 cm.
490 1# - MENCIÓN DE SERIE
Mención de serie La Revista Áurea ;
Designación de volumen o secuencia 2
500 ## - NOTA GENERAL
Nota general Índice.
600 14 - PUNTO DE ACCESO ADICIONAL DE MATERIA--NOMBRE DE PERSONA
Nombre de persona Aleixandre, Vicente,
Fechas asociadas al nombre 1898-1984-
Subdivisión de forma Homenajes
9 (RLIN) 19691
700 1# - ENTRADA AGREGADA--NOMBRE PERSONAL
Nombre de persona Sanz, Alejandro,
Fechas asociadas al nombre 1967-
9 (RLIN) 103558
830 0# - PUNTO DE ACCESO ADICIONAL DE SERIE-TÍTULO UNIFORME
Título uniforme La Revista Áurea ;
Designación de volumen o secuencia 2
9 (RLIN) 192113
852 ## - LOCALIZACIÓN
Ubicación ES-MaACL
Número de control de estantería A-13504
itemnumber 191252
Sublocalización o colección R.150359
Ubicación en estantería Depósito 1
Signatura antigua Olim: N-6504
Donativo/Legado Donacion: Miguel Losada
903 ## - NOMBRE PERSONAL DE DONANTE
a Losada, Miguel
e Donante
9 74261
942 ## - ELEMENTOS DE ENTRADA SECUNDARIOS (KOHA)
Fuente del sistema de clasificación o colocación Clasificación decimal universal
Tipo de ítem Koha Libro impreso
Holdings
Estatus retirado Estado de pérdida Fuente del sistema de clasificación o colocación Estado de daño No para préstamo Biblioteca de origen Biblioteca actual Ubicación en estantería Fecha de adquisición Fuente de adquisición Total de préstamos Signatura topográfica completa Código de barras Visto por última vez Precio de reemplazo Tipo de ítem Koha
    Clasificación decimal universal     Biblioteca del Ateneo de Madrid Biblioteca del Ateneo de Madrid Depósito 1 03/06/2015 Donación   A-13504 1193831 23/02/2023 23/02/2023 Libro impreso